Bonne Route! Méthode De Francais (Record no. 6283)

MARC details
000 -LEADER
campo de control de longitud fija 00754cac a2200241 a 4500
003 - IDENTIFICADOR DE NÚMERO DE CONTROL
campo de control Co-PeBPM
005 - FECHA Y HORA DE LA ÚLTIMA TRANSACCIÓN
campo de control 20250518192051.0
008 - DATOS DE LONGITUD FIJA--INFORMACIÓN GENERAL
campo de control de longitud fija 231129s1988||||xx akob|||||||||| ||spa||
020 ## - NÚMERO INTERNACIONAL ESTÁNDAR DEL LIBRO
Número Internacional Estándar del Libro 2010125517
040 0# - FUENTE DE CATALOGACIÓN
Centro catalogador/agencia de origen Co-PeBPM
Lengua de catalogación fra
Centro/agencia transcriptor Co-PeBPM
Normas de descripción rda
041 ## - CÓDIGO DE IDIOMA
Código de lengua del texto/banda sonora o título independiente spa
082 04 - NÚMERO DE LA CLASIFICACIÓN DECIMAL DEWEY
Número de clasificación 448 G464b
Número de edición 22
100 1# - ENTRADA PRINCIPAL--NOMBRE DE PERSONA
Nombre de persona Gibert, Pierre
Término indicativo de función/relación Autor
245 10 - MENCIÓN DEL TÍTULO
Título Bonne Route! Méthode De Francais
Resto del título : 1B
Mención de responsabilidad, etc. /Pierre Gibert
260 ## - PUBLICACIÓN, DISTRIBUCIÓN, ETC.
Lugar de publicación, distribución, etc. Paris, Francia
Nombre del editor, distribuidor, etc. :Editorial Hachette
Fecha de publicación, distribución, etc. ,1988
300 ## - DESCRIPCIÓN FÍSICA
Extensión 257 Páginas
Otras características físicas :Ilustraciones Tablas
Dimensiones ;25 Centímetros
500 ## - NOTA GENERAL
Nota general Incluye Índice.
650 14 - PUNTO DE ACCESO ADICIONAL DE MATERIA--TÉRMINO DE MATERIA
Fuente del encabezamiento o término LEMB
Término de materia o nombre geográfico como elemento de entrada Lenguas Extranjeras
700 ## - ENTRADA AGREGADA--NOMBRE PERSONAL
Nombre de persona Vierge, Anne-Marie
Término indicativo de función/relación Ilustrador
700 ## - ENTRADA AGREGADA--NOMBRE PERSONAL
Nombre de persona Lalo, Laurent
Término indicativo de función/relación Ilustrador
700 ## - ENTRADA AGREGADA--NOMBRE PERSONAL
Nombre de persona Greffet, Philippe
Término indicativo de función/relación Segundo Autor
942 ## - ELEMENTOS DE ENTRADA SECUNDARIOS (KOHA)
Fuente del sistema de clasificación o colocación Clasificación Decimal Dewey
Tipo de ítem Koha Libros
Holdings
Estatus retirado Estado de pérdida Fuente del sistema de clasificación o colocación Estado de daño No para préstamo Colección Biblioteca de origen Biblioteca actual Ubicación en estantería Fecha de adquisición Total de préstamos Signatura topográfica completa Código de barras Visto por última vez Copia número Precio de reemplazo Tipo de ítem Koha
    Clasificación Decimal Dewey     General BIBLIOTECA PÚBLICA MUNICIPAL RAMON CORREA MEJIA BIBLIOTECA PÚBLICA MUNICIPAL RAMON CORREA MEJIA Colección general 09/07/2009   448 G464b 11771 29/11/2023 Ej.1 29/11/2023 Libros

Powered by Koha